Kryptografia v bezpečnostne relevantných systémoch /

Enregistré dans:
Détails bibliographiques
Auteurs principaux: Franeková, Mária (Auteur), Rástočný, Karol (Auteur)
Format: Livre
Langue:slovaque
Publié: Žilina : EDIS- vydavateľské centrum ŽU, 2017
Édition:1. vydanie
Tags: Ajouter un tag
Pas de tags, Soyez le premier à ajouter un tag!

MARC

LEADER 00000nam a22000003a 4500
001 0112289
003 SK-STU
005 20241113092947.2
007 ta
008 241113s ----xo-----e------000-0-----d
020 |a 978-80-554-1310-5 
040 |a STU  |b slo 
041 0 |a slo 
044 |a xo 
080 |a 51.29 
100 1 |a Franeková, Mária  |4 aut 
245 1 0 |a Kryptografia v bezpečnostne relevantných systémoch /  |c aut. Mária Franeková, Karol Rástočný 
250 |a 1. vydanie 
260 |a Žilina :  |b EDIS- vydavateľské centrum ŽU,  |c 2017 
300 |a 203 s. 
700 1 |a Rástočný, Karol  |4 aut 
996 |b 284EK90835  |c E* 90835  |l EE01  |s A  |a 24  |w 0112289_0001